Least Populated Countries In 2100 - Statistics

General Stats
  • This quiz has been taken 30 times
  • The average score is 19 of 25
Answer Stats
Hint Answer % Correct
31,000 San Marino
92%
12,000 Tuvalu
92%
1000 Vatican City
92%
44,000 Liechtenstein
88%
47,000 Monaco
88%
21,000 Nauru
84%
30,000 Saint Kitts and Nevis
84%
195,000 Barbados
80%
11,000 Palau
80%
109,000 Saint Lucia
80%
383,000 Samoa
80%
116,000 Seychelles
80%
118,000 Tonga
80%
48,000 Andorra
76%
68,000 Antigua and Barbuda
76%
24,000 Marshall Islands
76%
64,000 Saint Vincent and the Grenadines
76%
128,000 Federated States of Micronesia
64%
74,000 Grenada
64%
223,000 Kiribati
64%
385,000 Bahamas
60%
49,000 Dominica
60%
361,000 Malta
60%
363,000 Iceland
56%
328,000 Montenegro
20%
No matching quizzes found
Score Distribution
Percent of People with Each Score
Percentile by Number Answered
Your Score History
You have not taken this quiz